000 00704nam a2200205 a 4500
003 1
005 20250524101645.0
008 021128s19uu xx 00 eng d
050 _aPGS QL 751
_b.Ac182 2001
100 _aAckermann, Natascha O.
245 _aThe effects of classical music on the behavior of mice in the maze /
_cNatascha O. Ackermann.
300 _aUnpaged :
_bcolored illustrations ;
_c28 cm.
504 _aIncludes bibliographical references.
650 _aAnimal behavior
_vExperiments.
650 _a Mice
_vBehavior.
650 _aMaze learning in animals.
650 _aMusic
_vPhysiological effect.
650 _aClassical music
_vPsychological aspects.
942 _2lcc
_cPASS
999 _c96560
_d96560